1265 1894 1559 1307 1055 1840 1841 1770 1644 1289 1355 1562 1703 1643 1415 1631 1585 1822 1726 1967 1329 1277 1832 1879 1598 1147 1726 1450 1813 1530 1734 1908 1685 1462 1859 1191 1234 1358 1516 1541 1405 1066 1397 1559 1609 1437 1249 1662 1074 1345 1552 1120 1005 1852 1715 1636 1081 1251 1218 1688 1899 1170 1470 1082 1956 1477 1965 1294 1075 1493 1539 1911 1831 1098 1972 1878 1911 1018 1880 1925 1529 1343 2000 1464 1783 1865 1085 1942 1936 1967 1825 1777 1893 1115 1896 1608 1443 1919 1587 BCNSPRNW ULIB Ver.6.0+V

เปลี่ยนเป็นภาษาไทย

Change to English
 แสดงรายละเอียดบรรณานุกรม
  กลับหน้าหลัก

Brief Record : Get Marc (ISO 2709) : E-mail record : QR code < ปิดหน้าต่าง
LEADER : 00000nam 2200000uu 4500
001    13399112839
003     ULIB
008    110913s2551||||th 000 0 tha d
020    9744914874
050 04 BQ4190^bช616ค 2551
100 0  พระมหาวีระพันธ์ ชุติปัญโญ
245 10 ความสุขที่หายไป ตามกลับคืนได้หรือยัง? /^cชุติปัญโญ[นามแฝง]
250    พิมพ์ครั้งที่ 7
260    กรุงเทพฯ :^bใยไหม,^c2551
300    [158] หน้า :^bภาพประกอบ
650  7 ธรรมะ
650  7 ความสุข
945    ^p139^l0^i15355
995    กัณชพร
999    ^aใช้งานได้ทุกระบบ
รายการนี้ยังไม่มีแท็ก
คุณยังไม่ได้ล็อกอิน คุณสามารถมีกิจกรรมร่วมกับเว็บไซต์ได้ แต่ต้องล็อกอินก่อน ::
  ล็อกอิน

รายการสื่อสารสนเทศ

ลำดับที่ ประเภท เลขเรียก/บาร์โค้ด สถานที่ สถานะ
- ไม่พบข้อมูล -

รายการใกล้เคียง
    ผู้แต่ง [พระมหาวีระพันธ์ ชุติปัญโญ]

    หัวเรื่อง [ธรรมะ]
    หัวเรื่อง [ความสุข]

BibComment


ยังไม่เคยถูกคอมเมนท์

คอมเมนท์ทรัพยากรรายการนี้
  คอมเมนท์: ความสุขที่หายไป ต..


 Copyright 2026. Bcnsprnw @Library